Statistics for Spell Iceland's Capital

Click here to take the quiz!

General Stats

  • This quiz has been taken 96 times
  • The average score is 9 of 9

Answer Stats

Iceland's Capital% Correct
E
100%
R
100%
K
97%
Y
97%
A
96%
I
96%
J
96%
V
96%
K
94%

Score Distribution

Percentile by Number Answered

Percent of People with Each Score

Your Score History

You have not taken this quiz